<?xml version="1.0" encoding="UTF-8"?>
<record
    xmlns:xsi="http://www.w3.org/2001/XMLSchema-instance"
    xsi:schemaLocation="http://www.loc.gov/MARC21/slim http://www.loc.gov/standards/marcxml/schema/MARC21slim.xsd"
    xmlns="http://www.loc.gov/MARC21/slim">

  <leader>02906nam a2200313Ia 4500</leader>
  <controlfield tag="001">ebr10133055</controlfield>
  <controlfield tag="003">CaPaEBR</controlfield>
  <controlfield tag="006">m        u        </controlfield>
  <controlfield tag="007">cr cn|||||||||</controlfield>
  <controlfield tag="008">030825s2004    enka    sb    001 0 eng d</controlfield>
  <datafield tag="015" ind1=" " ind2=" ">
    <subfield code="a">GBA3-U5210</subfield>
  </datafield>
  <datafield tag="020" ind1=" " ind2=" ">
    <subfield code="z">1850434239</subfield>
  </datafield>
  <datafield tag="040" ind1=" " ind2=" ">
    <subfield code="a">CaPaEBR</subfield>
    <subfield code="c">CaPaEBR</subfield>
  </datafield>
  <datafield tag="035" ind1=" " ind2=" ">
    <subfield code="a">(OCoLC)57012182</subfield>
  </datafield>
  <datafield tag="050" ind1="1" ind2="4">
    <subfield code="a">PN1992.77.S48</subfield>
    <subfield code="b">R42 2004eb</subfield>
  </datafield>
  <datafield tag="245" ind1="0" ind2="0">
    <subfield code="a">Reading Sex and the city</subfield>
    <subfield code="h">[electronic resource] /</subfield>
    <subfield code="c">edited by Kim Akass &amp; Janet McCabe.</subfield>
  </datafield>
  <datafield tag="260" ind1=" " ind2=" ">
    <subfield code="a">London ;</subfield>
    <subfield code="a">New York :</subfield>
    <subfield code="b">I.B. Tauris,</subfield>
    <subfield code="c">2004.</subfield>
  </datafield>
  <datafield tag="300" ind1=" " ind2=" ">
    <subfield code="a">xiii, 273 p. :</subfield>
    <subfield code="b">ill.</subfield>
  </datafield>
  <datafield tag="504" ind1=" " ind2=" ">
    <subfield code="a">Includes bibliographical references (p. 253-264) and index.</subfield>
  </datafield>
  <datafield tag="505" ind1="0" ind2="0">
    <subfield code="g">Part I. Sex, sexuality and relationships --</subfield>
    <subfield code="t">"What's the harm in believing?" : Mr. Big, Mr. Perfect, and the romantic quest for sex and the city's Mr. Right /</subfield>
    <subfield code="r">Joanna de Mattia --</subfield>
    <subfield code="t">The museum of unnatural history : male freaks and Sex and the city /</subfield>
    <subfield code="r">David Greven --</subfield>
    <subfield code="t">Sexuality in the city /</subfield>
    <subfield code="r">Mandy Merck --</subfield>
    <subfield code="g">Part II. Socio-sexual identities and the single girl --</subfield>
    <subfield code="t">Orgasms and empowerment : Sex and the city and the third wave feminism /</subfield>
    <subfield code="r">Astrid Henry --</subfield>
    <subfield code="t">Sister Carrie meets Carrie Bradshaw : exploring progress, politics and the single woman in Sex and the city and beyond /</subfield>
    <subfield code="r">Ashley Nelson --</subfield>
    <subfield code="t">Sex and the citizen in Sex and the city's New York /</subfield>
    <subfield code="r">Susan Zieger --</subfield>
    <subfield code="g">Part III. Fashion and cultural identities --</subfield>
    <subfield code="t">'Fashion is the fifth character' : fashion, costume and character in Sex and the city /</subfield>
    <subfield code="r">Stella Bruzzi and Pamela Church Gibson --</subfield>
    <subfield code="t">Sex and the city : a fashion editor's dream? /</subfield>
    <subfield code="r">Anna Konig --</subfield>
    <subfield code="t">'My Manolos, my self' : Manolo Blahnik, shoes and desire /</subfield>
    <subfield code="r">Sarah Niblock --</subfield>
    <subfield code="g">Part IV. Narrative, genre and intertextuality --</subfield>
    <subfield code="t">Neurotic in New York : the Woody Allen touches in Sex and the city /</subfield>
    <subfield code="r">Tom Grachowski --</subfield>
    <subfield code="t">Sex, confession and witness /</subfield>
    <subfield code="r">Jonathan Bignell --</subfield>
    <subfield code="t">Mr. Parker and the vicious circle : female narrative and humour in Sex and the city /</subfield>
    <subfield code="r">Kim Akass and Janet McCabe --</subfield>
    <subfield code="g">Part V. Fandom, flanerie and desiring identity --</subfield>
    <subfield code="t">In love with Sarah Jessica Parker : celebrating female fandom and friendship in Sex and the city /</subfield>
    <subfield code="r">Deborah Jermyn --</subfield>
    <subfield code="t">Through a glass, malarkey /</subfield>
    <subfield code="r">Lucia Rahilly --</subfield>
    <subfield code="t">Outsiders in the city /</subfield>
    <subfield code="r">Ashley Nelson --</subfield>
    <subfield code="t">Carried away in Manhattan /</subfield>
    <subfield code="r">Kim Akass and Janet McCabe --</subfield>
    <subfield code="t">Coulda', shoulda,' Prada : shopping for Satori and strappy sandals in Sex and the city /</subfield>
    <subfield code="r">Mark W. Bundy.</subfield>
  </datafield>
  <datafield tag="533" ind1=" " ind2=" ">
    <subfield code="a">Electronic reproduction.</subfield>
    <subfield code="b">Palo Alto, Calif. :</subfield>
    <subfield code="c">ebrary,</subfield>
    <subfield code="d">2009.</subfield>
    <subfield code="n">Available via World Wide Web.</subfield>
    <subfield code="n">Access may be limited to ebrary affiliated libraries.</subfield>
  </datafield>
  <datafield tag="630" ind1="0" ind2="0">
    <subfield code="a">Sex and the city (Television program)</subfield>
  </datafield>
  <datafield tag="650" ind1=" " ind2="0">
    <subfield code="a">Television programs.</subfield>
  </datafield>
  <datafield tag="655" ind1=" " ind2="7">
    <subfield code="a">Electronic books.</subfield>
    <subfield code="2">local</subfield>
  </datafield>
  <datafield tag="700" ind1="1" ind2=" ">
    <subfield code="a">Akass, Kim.</subfield>
  </datafield>
  <datafield tag="700" ind1="1" ind2=" ">
    <subfield code="a">McCabe, Janet.</subfield>
  </datafield>
  <datafield tag="710" ind1="2" ind2=" ">
    <subfield code="a">ebrary, Inc.</subfield>
  </datafield>
  <datafield tag="856" ind1="4" ind2="0">
    <subfield code="u">http://site.ebrary.com/lib/rucke/Doc?id=10133055</subfield>
    <subfield code="z">An electronic book accessible through the World Wide Web; click to view</subfield>
  </datafield>
  <datafield tag="999" ind1=" " ind2=" ">
    <subfield code="c">182926</subfield>
    <subfield code="d">182926</subfield>
  </datafield>
</record>
